Central Library OPAC University of Rajshahi

Health and society in Bengal : (Record no. 57243)

MARC details
000 -LEADER
fixed length control field 00685nam a2200217 4500
001 - CONTROL NUMBER
control field 57243
003 - CONTROL NUMBER IDENTIFIER
rucl marc code BD-RjUL
005 - DATE AND TIME OF LATEST TRANSACTION
control field 20211209080504.0
008 - FIXED-LENGTH DATA ELEMENTS--GENERAL INFORMATION
fixed length control field 161207s2006 ii ||||| |||| 00| 0 eng d
020 ## - INTERNATIONAL STANDARD BOOK NUMBER
International Standard Book Number 0761934189
035 ## - SYSTEM CONTROL NUMBER
System control number (BD-RjUL) 57367
040 ## - CATALOGING SOURCE
Language of cataloging ENG
Transcribing agency BD-RjUL
041 ## - LANGUAGE CODE
Language code of text/sound track or separate title ENG
082 ## - DEWEY DECIMAL CLASSIFICATION NUMBER
Edition number 23
Classification number 362.1095414
Author mark and year BOH 2006
100 ## - MAIN ENTRY--PERSONAL NAME
Personal name Bose, Pradip Kumar
9 (RLIN) 169999
245 01 - TITLE STATEMENT
Title Health and society in Bengal :
Remainder of title a selection from late 19th-century Bengali periodicals/
Statement of responsibility, etc. editor, Pradip Kumar Bose.
260 ## - PUBLICATION, DISTRIBUTION, ETC. (IMPRINT)
Place of publication, distribution, etc. New Delhi ; Thousand Oaks :
Name of publisher, distributor, etc. SAGE Publications,
Date of publication, distribution, etc. 2006.
300 ## - PHYSICAL DESCRIPTION
Pagination 293 p. ;
Size 23 cm.
650 ## - SUBJECT ADDED ENTRY--TOPICAL TERM
Topical term or geographic name as entry element Public health
Geographic subdivision India--Bengal
9 (RLIN) 170000
942 ## - ADDED ENTRY ELEMENTS (KOHA)
Source of classification or shelving scheme Dewey Decimal Classification
Koha item type Books
Holdings
Lost status Source of classification or shelving scheme Damaged status Not for loan Permanent Location Current Location Shelving location Date acquired Source of acquisition Total Checkouts Full call number Date last seen Copy number Koha item type
  Dewey Decimal Classification   Not For Loan Institute of Biological Sciences (IBSc) Library Institute of Biological Sciences (IBSc) Library Institute Library 07/12/2016 Purchase   362.1095414 BOH 2006 07/12/2016 C-1 Books